Les îles de France métropolitaine - Statistiques

Statistiques générales
  • Ce quiz a été pris 53 fois
  • Le résultat moyen est 7 sur 31
Statistiques - réponses
Hint Réponse % Correct
Île Corse
79%
Île Noirmoutier
60%
Île Île de Ré
54%
Île Île d’oléron
50%
Île Ouessant
44%
Île Belle île en mer
35%
Île Sein
33%
Île Bréhat
31%
Île Île d’Yeu
31%
Île Île d’Aix
27%
Île Les îles
27%
Île Molène
27%
Île Batz
21%
Île Groix
21%
Île Hoedic
21%
Île Houat
19%
Île Île de Porquerolles
19%
Île Guernesey
17%
Île Île aux Moines
17%
Île Jersey
17%
Île Île du Levant
15%
Île Île de port Cros
10%
Île Île d’Arz
8%
Îles Glénans
6%
Île Sainte Marguerite
4%
Île Madame
2%
Île sainte Anne
2%
Île Saint Honorat
2%
Île Sercq
2%
Île Tatihou
2%
Île Herm
0%
Aucun quiz correspondant
Distribution des résultats
% des personnes avec chaque résultat
Percentile par nombre de réponses
Votre historique - résultats
Vous n’avez pas pris ce quiz